(32) - 50 villes les plus peuplées du Gers (32) - Statistiques

Statistiques générales
  • Ce quiz a été pris 16 fois
  • Le résultat moyen est 17 sur 50
Statistiques - réponses
nombre d'habitant ville % Correct
22 428 Auch
100%
6 473 Condom
92%
6 247 Fleurance
69%
3 457 Mirande
69%
3 670 Lectoure
62%
9 537 L'Isle-Jourdain
62%
3 577 Vic-Fezensac
62%
4 108 Eauze
54%
3 146 Gimont
54%
2 238 Nogaro
54%
1 622 Riscle
54%
1 187 Castelnau d'Auzan Labarrère
46%
1 213 Marciac
46%
1 511 Masseube
46%
2 566 Pavie
46%
2 517 Samatan
46%
1 401 Barcelonne-du-Gers
38%
1 202 Le Houga
38%
2 233 Lombez
38%
1 129 Miélan
38%
1 171 Montréal
38%
1 430 Plaisance
38%
1 665 Cazaubon
31%
947 Cologne
31%
1 176 Jegun
31%
2 274 Mauvezin
31%
862 Duran
23%
1 175 Gondrin
23%
758 Manciet
23%
1 202 Preignan
23%
1 750 Pujaudran
23%
1 062 Saint-Clar
23%
1 147 Valence-sur-Baïse
23%
720 Aignan
15%
1 134 Aubiet
15%
679 Auradé
15%
692 Barran
15%
1 041 Castéra-Verduzan
15%
794 Lias
15%
790 Monferran-Savès
15%
697 Montaut-les-Créneaux
15%
858 Ordan-Larroque
15%
1 197 Ségoufielle
15%
1 097 Seissan
15%
831 Villecomtal-sur-Arros
15%
689 Beaumarchés
8%
719 Montégut
8%
695 Montestruc-sur-Gers
8%
864 Saramon
8%
688 Simorre
8%
Aucun quiz correspondant
Distribution des résultats
% des personnes avec chaque résultat
Percentile par nombre de réponses
Votre historique - résultats
Vous n’avez pas pris ce quiz